Procesos de transporte y operaciones unitarias

Bibliographic Details
Main Author: Geankoplis, Christie J.
Format: Section = Libro
Language:Undetermined
Spanish
Published: México CECSA 1982
Subjects:
LEADER 00517nam a2200193Ia 4500
008 240830s9999 xx 000 0 und d
020 |a 968-26-0300-5 
040 |a CEDOC FIQ-RUSB / 660.2842 G292 
041 |a spa 
082 |a 660.2842 G292 
100 1 |a Geankoplis, Christie J. 
245 1 0 |a Procesos de transporte y operaciones unitarias 
260 |a México  |b CECSA  |c 1982 
300 |a 759 p. : il 
650 7 |a FENOMENO DE TRANSPORTE 
650 7 |b  CALOR-TRANSMISION 
942 |c BK  |2 ddc 
991 |a TEXTO 
999 |c 13323